|
|
|
|
| LEADER |
00831nam a2200217 u 4500 |
| 001 |
10023947 |
| 003 |
upatras |
| 005 |
20210117205828.0 |
| 008 |
960112s1988 fre |
| 020 |
|
|
|a 2950285406
|
| 040 |
|
|
|a GR-PaULI
|c GR-PaULI
|
| 041 |
0 |
|
|a fre
|
| 245 |
1 |
0 |
|a Alexandre Proca
|b (1897-1955)
|b oeuvre scientifique publiee
|c επιμέλεια Georges A. Proca
|
| 260 |
|
|
|a [Roma]
|b [s.n.]
|c 1988
|
| 300 |
|
|
|a χωρίς αρίθμηση
|
| 700 |
1 |
|
|a Proca, Georges A.
|4 edt
|9 150167
|
| 852 |
|
|
|a GR-PaULI
|b ΠΑΤΡΑ
|b ΦΥΣΙΚΟ
|k ΑΕΧ-1
|h 530.1 PRO
|m 05183
|p 025000024181
|t 1
|
| 942 |
|
|
|2 ddc
|c BK15
|
| 952 |
|
|
|0 0
|1 0
|4 0
|6 530_100000000000000_PRO
|7 0
|9 192710
|a PHYS
|b PHYS
|d 2016-04-24
|i 05183
|l 0
|o 530.1 PRO
|p 025000024181
|r 2016-04-24 00:00:00
|t 1
|w 2016-04-24
|y BK15
|
| 998 |
|
|
|c ΔΡΑΚΟΠΟΥΛΟΥ
|d 2001-09
|
| 999 |
|
|
|c 118155
|d 118155
|